000 00263nam a2200121Ia 4500
100 _aNadkarni/S.V
942 _cBK
654 _aarc
245 _aModern Arc welding technology
260 _bAdvani Derlikon
_aNew Delhi
_c1992
300 _a976
546 _aENGLISH
999 _c18363
_d18363